<?xml version="1.0" encoding="UTF-8"?>
<record
    xmlns:xsi="http://www.w3.org/2001/XMLSchema-instance"
    xsi:schemaLocation="http://www.loc.gov/MARC21/slim http://www.loc.gov/standards/marcxml/schema/MARC21slim.xsd"
    xmlns="http://www.loc.gov/MARC21/slim">

  <leader>00784nam a22002177a 4500</leader>
  <controlfield tag="005">20081003135940.0</controlfield>
  <controlfield tag="008">080630t        xxu||||| |||| 00| 0 tml d</controlfield>
  <datafield tag="010" ind1=" " ind2=" ">
    <subfield code="a">TML-30913</subfield>
  </datafield>
  <datafield tag="035" ind1=" " ind2=" ">
    <subfield code="a">TM-29151</subfield>
  </datafield>
  <datafield tag="037" ind1=" " ind2=" ">
    <subfield code="b">dbad</subfield>
  </datafield>
  <datafield tag="082" ind1=" " ind2=" ">
    <subfield code="a">894.8113</subfield>
  </datafield>
  <datafield tag="100" ind1=" " ind2=" ">
    <subfield code="a">&#xBB8;&#xBCD;&#xBB0;&#xBC0;&#xBA4;&#xBB0; &#xB95;&#xBA3;&#xBC7;&#xB9A;&#xBA9;&#xBCD;</subfield>
  </datafield>
  <datafield tag="245" ind1=" " ind2=" ">
    <subfield code="a">&#xB85;&#xBB5;&#xBC1;&#xBB0;&#xBBF;</subfield>
    <subfield code="c">/by &#xBB8;&#xBCD;&#xBB0;&#xBC0;&#xBA4;&#xBB0; &#xB95;&#xBA3;&#xBC7;&#xB9A;&#xBA9;&#xBCD;</subfield>
  </datafield>
  <datafield tag="246" ind1=" " ind2=" ">
    <subfield code="a">Avuri</subfield>
    <subfield code="b">by Sridhara Ganesan</subfield>
  </datafield>
  <datafield tag="250" ind1=" " ind2=" ">
    <subfield code="a">12th  ed</subfield>
  </datafield>
  <datafield tag="260" ind1=" " ind2=" ">
    <subfield code="a">Chennai</subfield>
    <subfield code="b">Kaavya</subfield>
    <subfield code="c">2006</subfield>
  </datafield>
  <datafield tag="270" ind1=" " ind2=" ">
    <subfield code="b">16,IInd cross st, Trustpuram Chennai</subfield>
    <subfield code="e">600024</subfield>
  </datafield>
  <datafield tag="300" ind1=" " ind2=" ">
    <subfield code="a">592p</subfield>
    <subfield code="c">22cm</subfield>
  </datafield>
  <datafield tag="942" ind1=" " ind2=" ">
    <subfield code="c">TM</subfield>
    <subfield code="2">ddc</subfield>
    <subfield code="h">894.8113</subfield>
    <subfield code="m">SRI</subfield>
  </datafield>
  <datafield tag="999" ind1=" " ind2=" ">
    <subfield code="c">17400</subfield>
    <subfield code="d">17400</subfield>
  </datafield>
  <datafield tag="952" ind1=" " ind2=" ">
    <subfield code="0">0</subfield>
    <subfield code="1">0</subfield>
    <subfield code="2">ddc</subfield>
    <subfield code="4">0</subfield>
    <subfield code="7">1</subfield>
    <subfield code="8">FIC</subfield>
    <subfield code="a">DBAD</subfield>
    <subfield code="b">DBAD</subfield>
    <subfield code="d">2008-09-26</subfield>
    <subfield code="e">dbad</subfield>
    <subfield code="g">200.00</subfield>
    <subfield code="l">0</subfield>
    <subfield code="o">894.8113 SRI</subfield>
    <subfield code="p">TM-29151</subfield>
    <subfield code="r">2008-11-03 00:00:00</subfield>
    <subfield code="v">200.00</subfield>
    <subfield code="w">2008-11-03</subfield>
    <subfield code="y">TM</subfield>
  </datafield>
</record>
